Normal view MARC view
  • House of Commons Committee of Public Accounts

Entry Corporate Name

Number of records used in: 2

001 - CONTROL NUMBER

  • control field: 6139

003 - CONTROL NUMBER IDENTIFIER

  • control field: OSt

005 - DATE AND TIME OF LATEST TRANSACTION

  • control field: 20190806150250.0

008 - FIXED-LENGTH DATA ELEMENTS

  • fixed length control field: 140709n| acannaabn |n ana d

040 ## - CATALOGING SOURCE

  • Original cataloging agency: OSt
  • Transcribing agency: OSt

110 2# - HEADING--CORPORATE NAME

  • Corporate name or jurisdiction name as entry element: House of Commons Committee of Public Accounts

670 ## - SOURCE DATA FOUND

  • Source citation: Infrastructure Investment, 2014